Statistieken voor Alle Nederlandse steden met meer dan 10.000 inwoners

Klik hier om de quiz te nemen!

Algemene statistieken

  • Deze quiz is 362 keer genomen
  • De gemiddelde score is 77 van 257

Antwoordstatistieken

bevolkingnaam van de stad% Correct
1.114.745Amsterdam
93%
829.875Rotterdam
88%
803.835's-Gravenhage
84%
382.520Utrecht
82%
298.795Eindhoven
79%
204.570Haarlem
79%
118.250Maastricht
79%
213.705Groningen
78%
162.165's-Hertogenbosch
77%
154.880Breda
74%
92.460Leeuwarden
74%
213.055Tilburg
74%
177.045Almere
73%
22.540Almere-Haven
73%
110.245Arnhem
71%
74.075Arnhem-Zuid
71%
65.695Assen
71%
40.390Den Helder
71%
73.510Lelystad
71%
39.635Middelburg
71%
101.825Alkmaar
70%
83.480Venlo
70%
97.370Zwolle
70%
270.225Leiden
68%
161.000Nijmegen
68%
43.555Vlissingen
67%
23.885Zwolle-Stadshagen
67%
28.735Volendam
66%
67.180Almelo
64%
153.420Amersfoort
64%
84.585Hilversum
63%
147.850Enschede
62%
221.235Dordrecht
61%
55.320Hengelo
60%
22.695Hengelo-Noord
60%
41.395Sittard
59%
140.210Apeldoorn
58%
30,695Goes
58%
72.010Gouda
58%
52.060Emmen
57%
31.115Heerenveen
56%
32.575Sneek
56%
169.560Heerlen
55%
27.910Venray
55%
82.780Deventer
54%
72.590Hoorn
54%
56.930Oss
54%
47.070Roermond
54%
11.505Bergen
53%
70.195Ede
53%
65.780Roosendaal
52%
24.820Terneuzen
52%
20.065Urk
50%
124.065Zoetermeer
50%
17.905Enkhuizen
49%
79.635Helmond
49%
81.755Purmerend
49%
70.460Alphen aan den Rijn
47%
50.990Bergen op Zoom
46%
22.750Emmeloord
46%
29.005Meppel
46%
136.660Willemstad
46%
51,385Zeist
46%
42.560Doetinchem
44%
30.885Kerkrade
44%
34.115Waalwijk
44%
35.950Wageningen
44%
33.300Harderwijk
43%
25.425Dronten
42%
14.340Harlingen
42%
61.740Nieuwegein
42%
39.125Weert
42%
36.645Woerden
42%
41.050Hoogeveen
41%
32.195Kampen
41%
23.035Baarn
40%
16.635Delfzijl
40%
117.440Ijmuiden
40%
64.730Veenendaal
40%
44.865Drachten
39%
38.670Tiel
39%
15.550Zandvoort
39%
43.075Zutphen
39%
35.610Gorinchem
38%
45.595Huizen
38%
49.715Geleen
37%
74.350Hoofddorp
37%
72.475Heerhugowaard
36%
12.910Stein
36%
19.525Zeewolde
36%
22.630Winterswijk
35%
37.915Soest
34%
41.230Etten-Leur
33%
10.840Zierikzee
33%
31.515Barneveld
32%
13.745Coevorden
32%
12.325Dokkum
32%
45.585Houten
32%
48.630Oosterhout
32%
21.620Stadskanaal
31%
37.055Uden
31%
24.610Veendam
31%
23.975Wassenaar
30%
26.590Nijkerk
29%
31.120Oldenzaal
29%
10.175Ommen
29%
55.210Barendrecht
28%
48.625Bussum
28%
32.205De Bilt
28%
12.325Epe
28%
24.300Noordwijk
28%
27.575Best
27%
19.195Hardenberg
27%
12.745Joure
27%
71.390Spijkenisse
27%
12.065Franeker
26%
36.445Hellevoetsluis
26%
15.670Laren
26%
11.210Rhenen
26%
27.585Rijssen
26%
18.095Weesp
26%
21.960Duiven
25%
21.700Ermelo
25%
33.600Ijsselstein
25%
18.670Putten
25%
18.075Schagen
25%
23.640Sliedrecht
25%
25.965Veghel
25%
18.975Steenwijk
24%
21.795Castricum
23%
27.185Culemborg
23%
18.645Nunspeet
23%
23.600Zevenaar
23%
23.285Boxtel
22%
19.760Bunschoten
22%
32.930Maassluis
22%
34.045Ridderkerk
22%
33.160Wijchen
22%
18.865Winschoten
22%
11.450Aalsmeer
21%
14.430Dieren
21%
25.600Leusden
21%
23.970Lisse
21%
16.730Nijverdal
21%
74.683Oranjestad
21%
19.925Valkenswaard
21%
15.635Vianen
21%
21.870Deurne
20%
10.105Geldermalsen
20%
29.165Hoogezand
20%
20.090Kaatsheuvel
20%
12.160Lochem
20%
17.570Raalte
20%
26.255Waddinxveen
20%
18.155Driebergen-Rijsenburg
19%
18.895Oisterwijk
19%
17.520Wijk bij Duurstede
19%
11.920Zaltbommel
19%
20.725Borne
18%
17.665Cuijk
18%
21.075Elst
18%
17.425Leerdam
18%
25.950Uithoorn
18%
12.880Aalten
17%
11.235Appingedam
17%
16.870Bodegraven
17%
30.540Nieuw-Vennep
17%
12.490Wolvega
17%
46.430Berkel en Rodenrijs
16%
19.000Haaksbergen
16%
15.485Roden
16%
13.345Boxmeer
15%
12.850Echt
15%
13.240Horst
15%
19.355Alblasserdam
14%
21.575Dongen
14%
11.070Hattem
14%
21.735Heiloo
14%
25.530Naaldwijk
14%
21.795Schijndel
14%
10.985Someren
14%
10.200Steenbergen
14%
13.420Wierden
14%
12.885Brielle
13%
12.960Giessendam
13%
12.140Losser
13%
18.700Nuenen
13%
11.620Son
13%
16.845Beuningen
12%
11.630Elburg
12%
15.555Gemert
12%
11.825Goor
12%
19.790Hillegom
12%
12.560Monster
12%
13.095Uitgeest
12%
11.465Woudenberg
12%
12.200Asten
11%
13.340Druten
11%
15.685Leek
11%
10.950Meerssen
11%
23.640Pijnacker
11%
17.895Drunen
10%
18.290Huissen
10%
12.165Renkum
10%
16.400Rijen
10%
12.280Schoonhoven
9%
10.900Vaassen
9%
14.860Bennekom
8%
11.410Boskoop
8%
10.520Dedemsvaart
8%
19.105Geertruidenberg
8%
13.750Julianadorp
8%
23.650Oud-Beijerland
8%
15.750Sassenheim
8%
12.040Twello
8%
11.555Wezep
8%
13.820Zevenbergen
8%
10.770Bleiswijk
7%
11.985Heesch
7%
10.205Hoogerheide
7%
34.455Hoogvliet
7%
10.900Klazienaveen
7%
12.535Lichtenvoorde
7%
13.380Middelharnis
7%
20.980Mijdrecht
7%
10.620Reuver
7%
13.840Ulft
7%
11.340Vriezenveen
7%
10.435Werkendam
7%
12.805Didam
6%
11.915Groesbeek
6%
10.910Malden
6%
20.140Nieuwerkerk aan den Ijssel
6%
12.300Panningen
6%
17.870's-Gravenzande
6%
10.895Sint Oedenrode
6%
10.055Aalst
5%
11.670Made
5%
11.910Oudenbosch
5%
10.690Prinsenbeek
5%
21.270Stede Broec
5%
14.775Westervoort
5%
11.730Bemmel
4%
10.710De Lier
4%
11.490Halsteren
4%
11.130Ijsselmuiden
4%
10.320Lent
4%
12.335Rozenburg
4%
22.175Velserbroek
4%
14.960Voorhout
4%
14.170Gaanderen
3%
15.835Vlijmen
3%
18.565Ijburg-Zuidoost
2%
12.475Noordwijkerhout
2%
11.170Berkel-Enschot
1%
26.555Sint Nicolaas
1%
12.820Sint Willebrord
1%

Scoreverdeling

Percentiel versus Aantal Correcte Antwoorden

Procent van Mensen met Elke Score

Uw Scoregeschiedenis

U heeft deze quiz nog niet genomen